000 00416nam a2200181Ia 4500
001 3208
005 20260306144904.0
008 260306t2004||||xx |||||||||||||| ||spa||
041 _aESP
082 _a262.13
_bD29
100 _aDaum V., P. Jurgen
_eAUT
245 0 _aLos papas del siglo XX
260 _c2004
300 _a183 páginas :
_c19 cm.
650 _aGEN
654 _aCHU
942 _cLIB
_dJUS
_fJUS
_2ddc
_n
999 _c3208
_d3208